Психолог. Введение в профессию: учебное пособие

Detalhes bibliográficos
Outros Autores: Климов Е. А. Евгений Александрович (редактор)
Resumo:В учебном пособии содержатся сведения о психике, психологии, путях, средствах, способах совершенствования и самосовершенствования человека, который избрал для себя профессию психолога. Рассматриваются организационные вопросы, с которыми сталкиваются первокурсники. Обсуждаются возможные ошибки, допускаемые ими во время учебы, даны рекомендации по оптимизации учебной работы в вузе.Для студентов психологических и педагогических специальностей высших учебных заведений, а также преподавателей, психологов и широкого круга читателей.
Idioma:russo
Publicado em: Москва, Академия, 2007
Colecção:Высшее профессиональное образование. Психология
Assuntos:
Formato: MixedMaterials Livro
KOHA link:https://koha.lib.tpu.ru/cgi-bin/koha/opac-detail.pl?biblionumber=137971

MARC

LEADER 00000nam0a2200000 4500
001 137971
005 20231031141235.0
010 |a 5769532971 
035 |a (RuTPU)RU\TPU\book\149508 
090 |a 137971 
100 |a 20080519d2007 m y0rusy50 ca 
101 0 |a rus 
102 |a RU 
105 |a a j 001zy 
200 1 |a Психолог. Введение в профессию  |e учебное пособие  |f под ред. Е. А. Климова 
210 |a Москва  |c Академия  |d 2007 
215 |a 208 с.  |c ил. 
225 1 |a Высшее профессиональное образование. Психология 
320 |a Литература: с. 200-203. 
330 |a В учебном пособии содержатся сведения о психике, психологии, путях, средствах, способах совершенствования и самосовершенствования человека, который избрал для себя профессию психолога. Рассматриваются организационные вопросы, с которыми сталкиваются первокурсники. Обсуждаются возможные ошибки, допускаемые ими во время учебы, даны рекомендации по оптимизации учебной работы в вузе.Для студентов психологических и педагогических специальностей высших учебных заведений, а также преподавателей, психологов и широкого круга читателей. 
610 1 |a психология 
610 1 |a труд 
610 1 |a профессии 
610 1 |a психологи 
610 1 |a этика 
610 1 |a профессиональная компетентность 
610 1 |a психологические тесты 
610 1 |a психологические специальности 
610 1 |a тестирование 
610 1 |a учебные пособия 
686 |a Ю941.1я73  |v LBC/SL-A  |2 rubbk 
702 1 |a Климов  |b Е. А.  |g Евгений Александрович  |4 340 
801 1 |a RU  |b 63413507  |c 20080519  |g PSBO 
801 2 |a RU  |b 63413507  |c 20120405  |g PSBO 
942 |c BK 
959 |a 50/20080519  |d 1  |e 0  |f ЧЗГЛ:1